000 00690nas a2200229 4500
001 BR9500130
003 BR-BrBNA
005 20231205093817.0
007 ta
008 230509b bl.|||p| |||| 00| 00por d
040 _aBR-BrBNA
_bpor
_cBiblioteca Nacional de Agricultura
041 _a(Pt)
072 _aF01
100 1 _aMilde, L.C.E.
100 1 _aSgrillo, R.B.
245 1 _aParametros para modelagem do crescimento do fruto do cacaueiro
650 _aCacau
650 _aPrevisao de Safra
773 0 _tPesquisa Agropecuaria Brasileira (Brazil)
_xISSN 0100-204X
_g(Jul 1993), v. 28(7) p. 759-765
_wBR9500130
909 _a202311
_bLúcia
_c55
_dLúcia Elande
942 _2AGRIS
_n0
_cANA
999 _c140511
_d140511